ბათუმის შოთა რუსთაველის სახელმწიფო უნივერსიტეტის ბიბლიოთეკა

რამოდენიმე სურათი ანუ ეპიზოდი ყაჩაღის ცხოვრებიდან (ბიბ.ჩანაწერი № 48997)

000 -LEADER
fixed length control field 00862nam a2200229Ia 4500
001 - CONTROL NUMBER
control field 15902
003 - CONTROL NUMBER IDENTIFIER
control field GE_BSU
008 - FIXED-LENGTH DATA ELEMENTS--GENERAL INFORMATION
fixed length control field 181216s||||||||xx |||||||||||||| ||und||
040 ## - CATALOGING SOURCE
Transcribing agency GE_BSU
080 ## - UNIVERSAL DECIMAL CLASSIFICATION NUMBER
Universal Decimal Classification number 821.353.1-11
100 ## - MAIN ENTRY--PERSONAL NAME
Personal name ჭავჭავაძე, ი. (ილია, 1837-1907)
245 ## - TITLE STATEMENT
Title რამოდენიმე სურათი ანუ ეპიზოდი ყაჩაღის ცხოვრებიდან
245 ## - TITLE STATEMENT
Remainder of title პოემა
245 ## - TITLE STATEMENT
Statement of responsibility, etc. რედ.: შ. რადიანი
260 ## - PUBLICATION, DISTRIBUTION, ETC.
Place of publication, distribution, etc. თბილისი
260 ## - PUBLICATION, DISTRIBUTION, ETC.
Name of publisher, distributor, etc. სახელგამი
260 ## - PUBLICATION, DISTRIBUTION, ETC.
Date of publication, distribution, etc. 1935
300 ## - PHYSICAL DESCRIPTION
Extent 23 გვ. ; 17 სმ.
653 ## - INDEX TERM--UNCONTROLLED
Uncontrolled term პოემა
653 ## - INDEX TERM--UNCONTROLLED
Uncontrolled term რამოდენიმე სურათი ანუ ეპიზოდი ყაჩაღის ცხოვრებიდან
942 ## - ADDED ENTRY ELEMENTS (KOHA)
Koha item type წიგნი
ეგზემპლარები
Withdrawn status Lost status Damaged status Not for loan Date acquired Barcode Date last seen Price effective from Koha item type
        2018-12-17 39152 2018-12-17 2018-12-17 წიგნი